000 00204 a2200109 4500
020 _a9789968125116
041 _aspa
100 _aCepeda, Louis
245 _aTiemo de Leer 9
942 _cBK
952 _71
999 _c18223
_d18223